000 01426nam a22003977a 4500
003 CHAP
005 20220329133553.0
008 971013s1993 r 00010 d
010 _a8013
011 _a8985
035 _a8219
040 _cCHAP
090 _aTesis
100 0 0 _aGarcía Morales, Eutimio Delfino.
_946331
245 _aEstimación de la demanda de productos básicos (maíz, frijol y arroz), mediante un modelo de regresión lineal múltiple
260 _aChapingo, Méx. :
_bEl autor,
_c1993
300 _a118 h.
_b; anexo
502 _aTesis (Ing. Agr. Esp. en Economía Agrícola) -- UACH. Departamento de Economía Agrícola
590 _aALEPH
_b10
_c20130110
_lUCH01
_h1221
590 _aBATCH-UPD
_b10
_c20130110
_lUCH01
_h1121
590 _aBATCH-UPD
_b10
_c20130410
_lUCH01
_h0711
590 _aBATCH-UPD
_b10
_c20130914
_lUCH01
_h0407
590 _aBATCH-UPD
_b10
_c20130914
_lUCH01
_h2119
590 _aCONVERSION
_b10
_c20130109
_lUCH01
_h1305
650 1 4 _aArroz
_xAspectos económicos.
_97562
650 1 4 _aArroz
_xMercadeo.
_97632
650 1 4 _aFrijol
_xAspectos económicos.
_943328
650 1 4 _aFrijol
_xMercadeo.
_943406
650 1 4 _aMaíz
_xAspectos económicos.
_970865
650 1 4 _aMaíz
_xMercadeo.
_971007
650 1 4 _aModelos matemáticos.
_976419
700 0 _aGarcía Ontiveros, Reynaldo.
_946396
901 _aBK
942 _cTESIS
949 _bBC
_cTES
_d-18391
_eTS1
_h26028
_i8219
_si
999 _c8013
_d8013